WinText602 v. 2.1 : Od Textu602 k WinTextu /

Saved in:
Bibliographic Details
Main Authors: Pecinovský, Rudolf (Author), Pecinovský, Jan (Author)
Format: Book
Language:Czech
Published: Praha : Grada, 1994
Edition:1.vyd.
Tags: Add Tag
No Tags, Be the first to tag this record!

MARC

LEADER 00000nam a22000003a 4500
001 stu7159
005 20200922112631.6
008 941205s1994----xr------------------cze-d
020 |a 80-85623-95-1 
040 |a STU  |b slo 
041 0 |a cze 
044 |a xr 
080 |a 681.32.06 
080 |a WinText602 
080 |a 519.68 
100 1 |a Pecinovský, Rudolf  |4 aut 
245 1 |a WinText602 v. 2.1 :  |b Od Textu602 k WinTextu /  |c [aut.] Pecinovský,Rudolf; Pecinovský,Jan 
250 |a 1.vyd. 
260 |a Praha :  |b Grada,  |c 1994 
300 |a 137 s 
700 1 |a Pecinovský, Jan  |4 aut 
996 |c I*3I4887  |l I  |s A  |a 24  |w stu7159_0001